Catálogo
 En Linea

Oración del centenario : (Registro nro. 27625)

Detalles MARC
000 -CABECERA
campo de control de longitud fija 00646nam a2200169 a 4500
001 - NÚMERO DE CONTROL
campo de control 000028133
005 - FECHA Y HORA DE LA ÚLTIMA TRANSACCIÓN
campo de control 20240227073914.0
008 - DATOS DE LONGITUD FIJA--INFORMACIÓN GENERAL
campo de control de longitud fija 110406s1963 dr 000 0 spa d
040 ## - FUENTE DE LA CATALOGACIÓN
Centro catalogador/agencia de origen DO-SdBNP
Lengua de catalogación spa
Centro/agencia transcriptor BNPHU
082 ## - NÚMERO DE LA CLASIFICACIÓN DECIMAL DEWEY
Número de clasificación xxx
Número de documento/Ítem H519o
049 ## - FONDOS LOCALES (OCLC)
Fondos de biblioteca BNPD
100 1# - ENTRADA PRINCIPAL--NOMBRE DE PERSONA
Nombre de persona Henríquez Ureña, Max,
Fechas asociadas al nombre 1885-1968
9 (RLIN) 2621
245 10 - MENCIÓN DE TÍTULO
Título Oración del centenario :
Resto del título discurso pronunciado el 16 de agosto de 1963, en la ciudad de Santiago de los Caballeros /
Mención de responsabilidad, etc. Max Henríquez Ureña.
260 ## - PUBLICACIÓN, DISTRIBUCIÓN, ETC.
Lugar de publicación, distribución, etc. Santo Domingo :
Nombre del editor, distribuidor, etc. Editora Montalvo,
Fecha de publicación, distribución, etc. 1963.
300 ## - DESCRIPCIÓN FÍSICA
Extensión 29 p. ;
Dimensiones 24 cm.
500 ## - NOTA GENERAL
Nota general En la cabeza del título: Primer Centenario de la Restauración de la República
Existencias
Estado de retiro Estado de pérdida Restricciones de uso No para préstamo Código de colección Localización permanente Ubicación/localización actual Ubicación en estantería Fecha de adquisición Número de inventario Total de préstamos Signatura topográfica completa Código de barras Fecha visto por última vez Precio válido a partir de Tipo de ítem Koha
        Patrimonio Dominicano Patrimonio Dominicano Patrimonio Dominicano En catalogación 06.04.2011 LF1   xxx H519o 28133-10 25.06.2020 25.06.2020 Libro y Folleto Colección Patrimonio Dominicano

Con tecnología Koha